000 00839nam a22002177a 4500
005 20100731125425.0
010 _aENG-97458
020 _a9788184840513
_c1080.00
035 _aEN-80991
037 _bDBAD/PUB
082 _a330.95452
100 _aTiwari, Ashok Kumar
_93790
245 _aInfrastructure for sustainable rural development:
_cby Ashok Kumar Tiwari; foreword by H.S. Parmar
260 _aNew Delhi
_bRegal Publications
_c2010
270 _aF-159, Rajouri Garden,
_bNew Delhi
_e110 027
300 _axi, 273p.
_c22 cm (Hb)
500 _aIncludes bibliagaphical references and index
700 _aParmar,H.S.
_93211
942 _2ddc
_cEN
_h330.95452
_mTIW
999 _c38403
_d38403